LEADER 01478nam 2200373Ia 450 001 996387852503316 005 20221108044450.0 035 $a(CKB)1000000000633449 035 $a(EEBO)2240953184 035 $a(OCoLC)12775574 035 $a(EXLCZ)991000000000633449 100 $a19851108d1672 uy 1 101 0 $alat 135 $aurbn||||a|bb| 200 10$aBrevissima institutio, seu Ratio grammatices cognoscendæ$b[electronic resource] $ead omnium puerorum utilitatem præscripta : quam solam regia majestas in omnibus scholis docendam præcipit : additis subinde observationibus utilissimis, ex Despauterio, Alvari, Sanctio, Vossio, Busbeio & quotquot nuper scripsere grammaticis Latinis .. 210 $aOxonii $cE. Theatro Sheldoniano$dMDCLXXII [1672] 215 $a[2], 206 p., 1 leaf of plates 300 $aAttributed to William Lily. 300 $aFragment: title page and verso only. 300 $aReproduction of original in the British Library. 330 $aeebo-0014 606 $aLatin language$xGrammar$vEarly works to 1800 606 $aLatin language$xStudy and teaching 615 0$aLatin language$xGrammar 615 0$aLatin language$xStudy and teaching. 700 $aLily$b William$f1468?-1522.$0841046 801 0$bEAF 801 1$bEAF 801 2$bUMI 801 2$bWaOLN 906 $aBOOK 912 $a996387852503316 996 $aBrevissima institutio, seu Ratio grammatices cognoscendæ$92378154 997 $aUNISA LEADER 01603nam a22003374i 4500 001 991001855569707536 008 121016s2011 riua b 100 0 eng d 020 $a9780821849590 035 $ab14081532-39ule_inst 040 $aDip.to Matematica e Fisica$beng 082 00$a512.44$223 084 $aAMS 13C40 084 $aAMS 13D02 084 $aLC QA182.5.P36 111 2 $aPan-American Advanced Studies Institute$d<2009 :$cUniversidade Federal de Pernambuco>$0477635 245 10$aCommutative algebra and its connections to geometry :$bPan-American Advanced Studies Institute, August 3--14, 2009, Universidade Federal de Pernambuco, Olinda, Brazil /$cAlberto Corso, Claudia Polini, editors 260 $aProvidence, R. I. :$bAmerican Mathematical Society,$cc2011 300 $axvi, 215 p. :$bill. ;$c26 cm 440 0$aContemporary mathematics,$x0271-4132 ;$v555 504 $aIncludes bibliographical references 650 0$aCombinatorial group theory$vCongresses 650 0$aAlgebra, Homological$vCongresses 650 0$aGeometry, Algebraic$vCongresses 700 1 $aCorso, Alberto$eauthor$4http://id.loc.gov/vocabulary/relators/aut$0732212 700 1 $aPolini, Claudia$eauthor$4http://id.loc.gov/vocabulary/relators/aut$0282889 907 $a.b14081532$b13-11-12$c16-10-12 912 $a991001855569707536 945 $aLE013 13C COR11 (2011)$g1$i2013000217222$lle013$op$pE78.00$q-$rl$s- $t0$u1$v0$w1$x0$y.i15455737$z09-11-12 996 $aCommutative algebra and its connections to geometry$91442584 997 $aUNISALENTO 998 $ale013$b16-10-12$cm$da $e-$feng$griu$h0$i0